000 00629nam a2200217 a 4500
005 20140310183457.0
008 091116s19uu xx 00 eng d
020 _a9789719316640
050 _aQA 76.9.C643
_b.N85 2006
100 _aNull, Linda
245 _aThe essentials of computer organization and architecture /
_cLinda Null
250 _a2nd ed.
260 _aBoston :
_bJones and Bartlett Publishers,
_c2006.
300 _a799 p. :
_bill. ;
_c26 cm.
521 _aIT
650 _aComputer organization.
650 _aComputer Architecture.
700 _aLobur, Julia
942 _cBK
_2lcc
_kFOR
999 _c23676
_d23676